Early career training of quantity surveying professionals (Record no. 111025)

MARC details
000 -LEADER
fixed length control field 01244cad a22002535a 4500
001 - CONTROL NUMBER
control field E150921
008 - FIXED-LENGTH DATA ELEMENTS--GENERAL INFORMATION
fixed length control field 100915s2009 xxk f 100 0 eng d
020 ## - INTERNATIONAL STANDARD BOOK NUMBER
International Standard Book Number 9781842195192
035 ## - SYSTEM CONTROL NUMBER
System control number (Sirsi) u150921
041 0# - LANGUAGE CODE
Language code of text/sound track or separate title eng
100 1# - MAIN ENTRY--PERSONAL NAME
Personal name Lee, Cynthia Chin Tian
111 2# - MAIN ENTRY--MEETING NAME
Meeting name or jurisdiction name as entry element Construction and Building Research Conference
Location of meeting University of Cape Town
Date of meeting or treaty signing 10-11 September 2009
245 00 - TITLE STATEMENT
Title Early career training of quantity surveying professionals
Medium [electronic resource]
260 ## - PUBLICATION, DISTRIBUTION, ETC.
Place of publication, distribution, etc. London
Name of publisher, distributor, etc. RICS
Date of publication, distribution, etc. 2009
520 ## - SUMMARY, ETC.
Summary, etc. Discusses issue of learning and development for new graduates in their early career. Finds that new graduates exhibit a high level of self-doubt in professional competence, and that task competence is influenced by frequency of application. Also suggests that employer type has an impact on levels of employer support.
590 ## - LOCAL NOTE (RLIN)
Local note KA
650 24 - SUBJECT ADDED ENTRY--TOPICAL TERM
Topical term or geographic name entry element CONSTRUCTION AND BUILDING RESEARCH CONFERENCE (COBRA)
651 #4 - SUBJECT ADDED ENTRY--GEOGRAPHIC NAME
Geographic name International
690 ## - LOCAL SUBJECT ADDED ENTRY--TOPICAL TERM (OCLC, RLIN)
Topical term or geographic name as entry element CAREERS, EDUCATION AND TRAINING-CAREERS IN SURVEYING
690 ## - LOCAL SUBJECT ADDED ENTRY--TOPICAL TERM (OCLC, RLIN)
Topical term or geographic name as entry element Quantity surveying
9 (RLIN) 6263
700 1# - ADDED ENTRY--PERSONAL NAME
Personal name Hogg, Keith
856 40 - ELECTRONIC LOCATION AND ACCESS
Uniform Resource Identifier <a href="https://www.rics.org/site/scripts/download_info.aspx?fileID=5064&categoryID=524">https://www.rics.org/site/scripts/download_info.aspx?fileID=5064&categoryID=524</a>
Public note View the item free of charge at www.rics.org
942 ## - ADDED ENTRY ELEMENTS (KOHA)
Suppress in OPAC 0
Holdings
Withdrawn status Lost status Source of classification or shelving scheme Damaged status Not for loan Home library Current library Shelving location Date acquired Total Checkouts Full call number Barcode Date last seen Copy number Price effective from Koha item type
    Dewey Decimal Classification     Virtual Virtual Online 15/09/2010   ONLINE PUBLICATION 150921-2001 06/08/2019 1 06/08/2019 Book